[Event "Challenge"]
[Site "http://www.queenalice.com/game.php?id=1424020"]
[Date "2016.5.21"]
[Round "-"]
[White "rockme"]
[Black "alexraponi"]
[Result "0-1"]
[WhiteElo "1894"]
[BlackElo "1865"]

1. d4 d5 2. c4 a6 3. Bg5 dxc4 4. e4 h6 5. Bh4 b5 6. Nc3 Nf6 7. Nge2 Bg4 8. f3
Bd7 9. Bxf6 exf6 10. Nf4 Bb4 11. Be2 O-O 12. O-O Nc6 13. Nfd5 Bd6 14. f4 Ne7 15.
e5 fxe5 16. fxe5 Nxd5 17. exd6 Nxc3 18. bxc3 cxd6 19. Qd2 f5 20. Rad1 d5 21. Qf4
Kh7 22. Rde1 g5 23. Qd6 Rf6 24. Qxd5 Qc8 25. Bxc4 bxc4 26. Re7+ Kg6 27. Qxd7
Qxd7 28. Rxd7 Rb8 29. Rc7 Rb2 30. a4 Re6 31. Rf2 Re1+ 32. Rf1 Ree2 33. Rd1 Rxg2+
34. Kf1 Rxh2 35. Kg1 Kh5 36. Re7 Rbg2+ 37. Kf1 Rc2 38. Kg1 f4 39. d5 f3 0-1

[Event "Challenge"]
[Site "http://www.queenalice.com/game.php?id=1432640"]
[Date "2016.7.22"]
[Round "-"]
[White "rockme"]
[Black "Lintz"]
[Result "1-0"]
[WhiteElo "1890"]
[BlackElo "2046"]

1. e4 e5 2. Nf3 Qe7 3. Bc4 g6 4. d3 Bg7 5. c3 d6 6. O-O Nf6 7. Bg5 O-O 8. h3 c6
9. Nbd2 a5 10. a3 b5 11. Bb3 Bb7 12. d4 a4 13. Bc2 Qc7 14. Rc1 Re8 15. Re1 Nbd7
16. Nf1 h6 17. Bh4 Nb6 18. Bb1 Kh7 19. Bg3 Nfd7 20. Ne3 Qc8 21. Kh2 Nf8 22. Kh1
Qd7 23. dxe5 dxe5 24. Qc2 Rad8 25. Rcd1 Qc8 26. Rxd8 Qxd8 27. Rd1 Qc8 28. Ba2 f6
29. Ne1 c5 30. f3 Rd8 31. Nd3 c4 32. Nb4 Rd7 33. Bf2 Rxd1+ 34. Qxd1 Qc7 35. Ned5
Nxd5 36. Nxd5 Qd7 37. Bc5 Kh8 38. Bb1 Ne6 39. Bb4 Nc7 40. Qc2 Na6 41. Kh2 g5 42.
g3 Bc8 43. g4 Nxb4 44. axb4 Kg8 45. Nb6 Qd8 46. Nxc8 Qxc8 47. Qd2 Qb8 48. Kg3
Kf8 49. h4 gxh4+ 50. Kxh4 Qe8 51. Qd5 Bh8 52. Bc2 Qb8 53. Kh5 Bg7 54. Kg6 Qe8+
55. Kh7 Qf7 56. Qd8+ Qe8 57. Qxe8+ Kxe8 58. Kxg7 Ke7 59. Kxh6 Kf7 60. g5 fxg5
61. Kxg5 Ke6 62. f4 exf4 63. Kxf4 Kd6 64. Kf5 1-0

[Event "Challenge"]
[Site "http://www.queenalice.com/game.php?id=1439689"]
[Date "2016.9.5"]
[Round "-"]
[White "rockme"]
[Black "alexraponi"]
[Result "1-0"]
[WhiteElo "1950"]
[BlackElo "1884"]

1. e4 e5 2. Nf3 Bd6 3. Bc4 a6 4. c3 h6 5. O-O Nf6 6. d3 Nc6 7. b4 O-O 8. h3 Ne7
9. Nh4 Kh7 10. a4 Ng6 11. Nf5 Be7 12. Qb3 Qe8 13. Nxe7 Qxe7 14. f4 d6 15. f5 Nh8
16. Be3 c6 17. Qc2 d5 18. Bc5 Qe8 19. exd5 Rg8 20. dxc6 bxc6 21. Nd2 g6 22. Ne4
Nxe4 23. dxe4 Bb7 24. a5 Bc8 25. Rad1 Bb7 26. Rd6 Rg7 27. Qd2 Rb8 28. Qe2 Bc8
29. Bxa6 Bxa6 30. Qxa6 gxf5 31. Rxc6 Rg6 32. Rxg6 fxg6 33. exf5 gxf5 34. Rxf5
Rd8 35. Qe2 Ng6 36. Qf3 Kg7 37. Qg4 Qe6 38. h4 Kh7 39. h5 Nf4 40. Rxf4 Rd1+ 41.
Kh2 Qd5 42. Qg6+ Kh8 43. Rf8+ 1-0

[Event "Challenge"]
[Site "http://www.queenalice.com/game.php?id=1441747"]
[Date "2016.9.18"]
[Round "-"]
[White "rockme"]
[Black "Daniel1962"]
[Result "1-0"]
[WhiteElo "1877"]
[BlackElo "1797"]

1. e4 c5 2. Nf3 f6 3. Bc4 Nh6 4. d4 g5 5. e5 cxd4 6. exf6 exf6 7. O-O Bc5 8.
Re1+ Be7 9. Nxd4 Qc7 10. Bb3 a6 11. Qh5+ Kd8 12. Qxh6 Qd6 13. Nf5 Qc5 14. Nxe7
Re8 15. Qxf6 Qxe7 16. Rxe7 Rxe7 17. Bxg5 Nc6 18. Qf8+ Kc7 19. Bxe7 Nd4 20. Qf4+
d6 21. Qxd6# 1-0

[Event "Challenge 2"]
[Site "http://www.queenalice.com/game.php?id=1443229"]
[Date "2016.9.28"]
[Round "-"]
[White "Lintz"]
[Black "rockme"]
[Result "0-1"]
[WhiteElo "2011"]
[BlackElo "1931"]

1. e4 d6 2. Nc3 g6 3. Nf3 Bg7 4. d4 Nd7 5. Be2 Ngf6 6. O-O O-O 7. Rb1 b6 8. d5
Bb7 9. Re1 a6 10. a3 Rc8 11. Bf1 c5 12. b3 h6 13. Bb2 b5 14. Na2 Qc7 15. c4 bxc4
16. bxc4 Ng4 17. Bxg7 Kxg7 18. g3 Nge5 19. Nc3 Nb6 20. Nxe5 dxe5 21. Qb3 Nxc4
22. Qxb7 Nd2 23. Qxc7 Rxc7 24. Bg2 Nxb1 25. Rxb1 Rd8 26. a4 c4 27. a5 Rc5 28.
Ra1 Rb8 29. Rb1 Rxb1+ 30. Nxb1 c3 31. Nxc3 Rxc3 32. h4 Ra3 33. Kh2 Rxa5 34. Bf1
Ra1 35. Bc4 a5 36. Kg2 a4 37. g4 a3 38. h5 a2 39. Bxa2 Rxa2 40. d6 exd6 41. Kg3
g5 42. Kf3 Kf6 0-1

[Event "Challenge"]
[Site "http://www.queenalice.com/game.php?id=1446147"]
[Date "2016.10.17"]
[Round "-"]
[White "rockme"]
[Black "jorm"]
[Result "1-0"]
[WhiteElo "1963"]
[BlackElo "1936"]

1. e4 e5 2. Nf3 Nc6 3. Bc4 h6 4. c3 a6 5. b4 b5 6. Bb3 Nf6 7. d3 d5 8. Qc2 dxe4
9. dxe4 Bd6 10. O-O Qe7 11. h3 g5 12. Rd1 g4 13. hxg4 Nxg4 14. Qe2 Nf6 15. a4
bxa4 16. Bxa4 Bb7 17. Qc4 Kd7 18. Nh4 Qe8 19. Nf5 Qe6 20. Na3 Qxc4 21. Nxc4 Nxe4
22. Nxe5+ Ke6 23. Nxd6 Nxc3 24. Nxb7 Nxd1 25. Nxc6 Kd5 26. Nba5 Rhe8 27. Bd2 Nb2
28. Bb3+ Kd6 29. Bc3 Re2 30. Ra2 Nd1 31. Rxe2 Nxc3 32. Rd2+ 1-0

[Event "Challenge"]
[Site "http://www.queenalice.com/game.php?id=1446209"]
[Date "2016.10.18"]
[Round "-"]
[White "alexraponi"]
[Black "rockme"]
[Result "0-1"]
[WhiteElo "1879"]
[BlackElo "2007"]

1. h3 d6 2. a3 Nd7 3. d4 g6 4. Bf4 Bg7 5. Nf3 Ngf6 6. Nc3 O-O 7. e4 b6 8. Bd3
Bb7 9. O-O Rc8 10. Re1 c5 11. dxc5 bxc5 12. e5 Bxf3 13. Qxf3 dxe5 14. Bh2 Nb6
15. Nb5 c4 16. Be4 Nxe4 17. Qxe4 f6 18. Nxa7 Rc7 19. Nb5 Rc5 20. Nc3 f5 21. Qe3
Qc7 22. Rad1 Re8 23. a4 Qc6 24. Ra1 Nd5 25. Nxd5 Rxd5 26. a5 e4 27. c3 Ra8 28.
Bf4 Rdxa5 29. Rab1 Rd5 30. Bh6 Rd3 31. Qf4 e5 32. Qc1 f4 33. Bxg7 Kxg7 34. Kh1
Rad8 35. b4 cxb3 36. Rxb3 Rc8 37. Qa3 Rc7 38. Rc1 e3 39. f3 e2 40. Qa1 Qd5 41.
Qb1 Rd1+ 42. Kh2 Rxc1 43. Qxc1 Qd1 44. Qa3 e1=Q 0-1

[Event "Challenge 3"]
[Site "http://www.queenalice.com/game.php?id=1447466"]
[Date "2016.11.2"]
[Round "-"]
[White "Lintz"]
[Black "rockme"]
[Result "0-1"]
[WhiteElo "1940"]
[BlackElo "1993"]

1. e4 d6 2. Nc3 g6 3. f4 Bg7 4. Nf3 Nd7 5. Be2 b6 6. d3 Bb7 7. Bd2 Ngf6 8. h3
O-O 9. O-O c5 10. a4 Rc8 11. Be3 a6 12. Bf2 e6 13. Bh4 Qc7 14. Be1 e5 15. f5 Nh5
16. Nh2 Nhf6 17. b3 d5 18. Rb1 dxe4 19. fxg6 fxg6 20. Nxe4 Nxe4 21. dxe4 Bxe4
22. Bg4 Rcd8 23. Qe2 Bb7 24. Bg3 Rfe8 25. Rbd1 Bc8 26. Nf3 h6 27. Qc4+ Kh7 28.
b4 Re7 29. Rd5 Bb7 30. Rdd1 Bc6 31. b5 axb5 32. axb5 Bb7 33. Bh4 Nf6 34. Rfe1 e4
35. Nh2 e3 36. Rxd8 Qxd8 37. Bf3 Qd4 38. Qe2 Qxh4 39. Bxb7 Rxb7 40. Qxe3 Ng4 41.
Nxg4 Bd4 0-1

[Event "Challenge 4"]
[Site "http://www.queenalice.com/game.php?id=1447467"]
[Date "2016.11.2"]
[Round "-"]
[White "rockme"]
[Black "Lintz"]
[Result "1-0"]
[WhiteElo "1978"]
[BlackElo "1964"]

1. e4 c5 2. Nf3 d6 3. d3 Nf6 4. g3 g6 5. Bg2 Bg7 6. O-O Nc6 7. h3 O-O 8. Nc3 e6
9. Be3 b6 10. Qe2 Rb8 11. Rad1 Bb7 12. Rfe1 Qe8 13. d4 Qe7 14. dxc5 dxc5 15. Bg5
Qe8 16. Nb5 Ba6 17. c4 Bxb5 18. cxb5 Na5 19. Qc2 h6 20. Bxf6 Bxf6 21. e5 Bg7 22.
a4 Qe7 23. Nd2 Qg5 24. b3 Bxe5 25. Nf3 Qf6 26. Nxe5 1-0

[Event "Challenge"]
[Site "http://www.queenalice.com/game.php?id=1450707"]
[Date "2016.11.18"]
[Round "-"]
[White "rockme"]
[Black "alexraponi"]
[Result "1-0"]
[WhiteElo "2018"]
[BlackElo "1876"]

1. e4 e5 2. Nf3 Bd6 3. Bc4 a6 4. d3 h6 5. a3 Nf6 6. O-O O-O 7. Nc3 c6 8. h3 b5
9. Ba2 Bc7 10. Be3 d6 11. Ne2 Be6 12. b3 d5 13. Ng3 Qe7 14. Rc1 d4 15. Bd2 Qxa3
16. Ra1 Ba5 17. Nxe5 Bxd2 18. Qxd2 Qd6 19. Nf3 Qc5 20. Ne2 Rd8 21. b4 Qb6 22.
Bxe6 fxe6 23. Ne5 Nbd7 24. Ng6 e5 25. f4 Re8 26. Ng3 exf4 27. Rxf4 Ne5 28. Nxe5
Rxe5 29. Raf1 Rf8 30. Rf5 Re6 31. Nh5 Qd8 32. Nf4 Ree8 33. Ng6 Rf7 34. e5 Kh7
35. Nf4 Ref8 36. Ne6 Qe7 37. Nxf8+ Qxf8 38. exf6 g6 39. R5f4 Qd6 40. Qe1 c5 41.
bxc5 Qxc5 42. Re4 h5 43. Re7 Kg8 44. Rxf7 Kxf7 45. Qe7+ Qxe7 46. fxe7+ Kxe7 47.
Ra1 b4 48. Rxa6 Kf7 49. Rb6 Kg7 50. Rxb4 Kf6 51. Rxd4 Ke5 52. Rd8 Ke6 53. Kf2
Ke7 54. Rd4 Ke6 55. Ke3 Ke5 56. c4 Kf5 57. c5 g5 58. c6 1-0

[Event "Challenge"]
[Site "http://www.queenalice.com/game.php?id=1462918"]
[Date "2017.2.5"]
[Round "-"]
[White "alexraponi"]
[Black "rockme"]
[Result "0-1"]
[WhiteElo "1869"]
[BlackElo "2028"]

1. h3 d6 2. d4 g6 3. Nf3 Bg7 4. Bf4 Nd7 5. Nc3 b6 6. e4 Bb7 7. Bd3 Rc8 8. e5 e6
9. O-O d5 10. a3 Ne7 11. Bh2 O-O 12. Ne2 c5 13. dxc5 Nxc5 14. b4 Nxd3 15. Qxd3
Qd7 16. Ned4 Nc6 17. Nxc6 Rxc6 18. Nd4 Rcc8 19. b5 Rc4 20. a4 Rfc8 21. Rfc1 Qc7
22. f4 Qc5 23. c3 Qe7 24. Bg3 a6 25. Qe3 a5 26. Qf2 Rxc3 27. Rxc3 Qb4 28. Rxc8+
Bxc8 29. Nc6 Qc3 30. Rf1 Bf8 31. Kh1 Bb7 32. Kh2 h5 33. Qxb6 Bxc6 34. bxc6 Qc4
35. Rb1 h4 36. Be1 Bc5 37. Qxa5 Qxf4+ 38. Kh1 Qf1+ 0-1

[Event "Challenge"]
[Site "http://www.queenalice.com/game.php?id=1467757"]
[Date "2017.3.7"]
[Round "-"]
[White "rockme"]
[Black "alexraponi"]
[Result "1-0"]
[WhiteElo "2038"]
[BlackElo "1915"]

1. e4 e5 2. Nf3 Bd6 3. Bc4 a6 4. c3 h6 5. O-O Nf6 6. d3 Nc6 7. b4 Be7 8. Nbd2 d6
9. a4 Bd7 10. h3 O-O 11. Nh2 Nh7 12. f4 exf4 13. Rxf4 Ne5 14. Qc2 Bg5 15. Rf1
Nxc4 16. Nxc4 Bxc1 17. Raxc1 b5 18. axb5 axb5 19. Na5 c6 20. Rf4 d5 21. e5 Qc7
22. d4 Qc8 23. Rcf1 Ng5 24. Nf3 Ne4 25. Nd2 Ng3 26. R1f2 Be6 27. Qd1 Bf5 28. Qf3
Ne4 29. Rxf5 Nxf2 30. Qxf2 Qe6 31. Ndb3 Qg6 32. Nc5 Rac8 33. Nab7 Ra8 34. Nd6
Ra1+ 35. Kh2 Rfa8 36. Rxf7 R1a2 37. Qf3 Rxg2+ 38. Qxg2 Qxg2+ 39. Kxg2 Ra2+ 40.
Kg3 Rc2 41. Ne6 Rxc3+ 42. Kg4 Rc1 43. Rxg7+ Kh8 44. Nf7# 1-0

[Event "Challenge"]
[Site "http://www.queenalice.com/game.php?id=1472973"]
[Date "2017.4.12"]
[Round "-"]
[White "alexraponi"]
[Black "rockme"]
[Result "0-1"]
[WhiteElo "1904"]
[BlackElo "2049"]

1. h3 d6 2. a3 Nd7 3. d4 g6 4. Bf4 Bg7 5. Nc3 Ngf6 6. e3 b6 7. Bd3 Bb7 8. Nf3
Rc8 9. O-O O-O 10. Ng5 e5 11. dxe5 dxe5 12. Bh2 Qe7 13. Re1 Nc5 14. Bf1 Rcd8 15.
Qb1 h6 16. Nf3 a6 17. Bxe5 Bxf3 18. gxf3 Qxe5 19. e4 b5 20. b4 Ne6 21. Ne2 Qg5+
22. Ng3 Nh5 23. Ra2 Nd4 24. Re3 Nxg3 25. Qc1 Nge2+ 26. Kh2 Nxc1 27. Ra1 Nxf3+
28. Rxf3 Bxa1 29. Bd3 Nxd3 30. cxd3 Be5+ 31. Kh1 f5 32. exf5 Rxf5 33. Rxf5 Qxf5
0-1

[Event "Challenge"]
[Site "http://www.queenalice.com/game.php?id=1484076"]
[Date "2017.6.28"]
[Round "-"]
[White "rockme"]
[Black "alexraponi"]
[Result "1-0"]
[WhiteElo "2067"]
[BlackElo "1835"]

1. e4 e5 2. Nf3 Bd6 3. Bc4 a6 4. c3 Nf6 5. d3 h6 6. O-O O-O 7. b4 b5 8. Bb3 Bb7
9. Nbd2 Nc6 10. h3 Ne7 11. Nh4 Nh7 12. a3 Kh8 13. c4 bxc4 14. Nxc4 Nc6 15. Nf5
Be7 16. Qg4 Bf6 17. f4 Nd4 18. fxe5 Bxe5 19. Nxe5 Nxf5 20. Rxf5 Nf6 21. Qg3 d5
22. Bb2 c6 23. Raf1 Qb6+ 24. Kh1 Kg8 25. Rxf6 Qc7 26. Rxh6 Qe7 27. Rh5 Bc8 28.
Nxc6 1-0

[Event "Challenge"]
[Site "http://www.queenalice.com/game.php?id=1484081"]
[Date "2017.6.28"]
[Round "-"]
[White "tucuman"]
[Black "rockme"]
[Result "0-1"]
[WhiteElo "1852"]
[BlackElo "2059"]

1. e4 d6 2. d4 Nd7 3. Be2 g6 4. Be3 Bg7 5. Nf3 e6 6. c3 Ne7 7. Bb5 O-O 8. Bg5 a6
9. Ba4 b5 10. Bc2 Bb7 11. Nbd2 Rc8 12. Qe2 c5 13. O-O e5 14. d5 Rc7 15. b3 Bc8
16. Bxe7 Qxe7 17. c4 b4 18. h3 Nf6 19. Nh2 Nh5 20. Ndf3 Nf4 21. Qd1 f5 22. exf5
Bxf5 23. Bxf5 Rxf5 24. Re1 e4 25. Rb1 Qe8 26. Nh4 Rf8 27. f3 Qd8 28. Rxe4 Qxh4
29. Ng4 h5 30. Ne3 Qg5 31. Kh1 Be5 32. Rxf4 Bxf4 33. Nc2 Qg3 34. Kg1 Re7 35. Ne3
Bxe3+ 36. Kh1 Rfe8 37. Qg1 Bxg1 38. Kxg1 Re1+ 39. Rxe1 Rxe1# 0-1

[Event "Challenge"]
[Site "http://www.queenalice.com/game.php?id=1485384"]
[Date "2017.7.9"]
[Round "-"]
[White "alexraponi"]
[Black "rockme"]
[Result "1-0"]
[WhiteElo "1800"]
[BlackElo "2065"]

1. e4 d6 2. h3 g6 3. a3 Bg7 4. Bd3 Nd7 5. Nf3 a6 6. O-O e5 7. Nc3 Ne7 8. Bc4 O-O
9. d3 b5 10. Bb3 Bb7 11. Be3 Kh8 12. Nd5 Rc8 13. Ng5 h6 14. Nf3 c5 15. Nxe7 Qxe7
16. c4 bxc4 17. Bxc4 Nb6 18. Qc2 Nxc4 19. Qxc4 Rfd8 20. Rfd1 d5 21. exd5 Rxd5
22. Nh2 Kh7 23. Ng4 f5 24. Nh2 e4 25. dxe4 Rxd1+ 26. Rxd1 Bxe4 27. Qxa6 Rc6 28.
Qb5 Rc7 29. Bf4 Rb7 30. Qa4 Rxb2 31. Nf1 Bc2 32. Rd7 Qf6 33. Qa7 c4 34. Rxg7+
Qxg7 35. Qxg7+ Kxg7 36. Be5+ Kf7 37. Bxb2 Ke6 38. Ne3 Bb3 39. g3 g5 40. Kg2 h5
41. f4 g4 42. hxg4 hxg4 43. Kf2 Ba2 44. Ke2 Bb3 45. Kd2 Ba2 46. Kc3 Bb1 47. Kxc4
Be4 48. a4 Bb7 49. Kb5 Be4 50. a5 Kd7 51. Kb6 Kc8 52. Be5 Kd7 53. a6 Kc8 54. Nc4
Kd7 55. Nd6 Bd5 56. Nxf5 Bf3 57. Nd4 Bg2 58. f5 Bd5 59. a7 Be4 60. f6 1-0

[Event "Challenge"]
[Site "http://www.queenalice.com/game.php?id=1493037"]
[Date "2017.9.5"]
[Round "-"]
[White "victorlobo"]
[Black "rockme"]
[Result "0-1"]
[WhiteElo "1766"]
[BlackElo "2061"]

1. e4 d6 2. Qf3 Nd7 3. d4 g6 4. Bc4 e6 5. Nh3 Bg7 6. Ng5 Nh6 7. Nxe6 fxe6 8.
Bxh6 Bxh6 9. Bxe6 Qe7 10. Bxd7+ Bxd7 11. Nd2 Bxd2+ 12. Kxd2 Qg5+ 13. Ke1 O-O-O
14. h3 Rhf8 15. Qg3 Qf4 16. Qxf4 Rxf4 17. f3 c6 18. Kf2 Rdf8 19. b4 h5 20. c4
Rxe4 21. Rad1 g5 22. Kg1 Re2 23. Rh2 Rxa2 24. b5 Kc7 25. bxc6 bxc6 26. Rf1 a5
27. h4 g4 28. fxg4 Rxf1+ 29. Kxf1 Bxg4 30. Kg1 a4 31. g3 Rxh2 32. Kxh2 a3 33.
Kg2 a2 34. Kf2 a1=Q 35. Ke3 Qc1+ 36. Ke4 Qh6 37. Kd3 Kb6 38. Kc3 Ka5 39. d5 cxd5
40. cxd5 Kb5 41. Kd4 Qd2+ 42. Ke4 Qf2 43. Kd3 Kc5 44. Ke4 Qf3# 0-1

[Event "Challenge"]
[Site "http://www.queenalice.com/game.php?id=1496240"]
[Date "2017.9.24"]
[Round "-"]
[White "rockme"]
[Black "alexraponi"]
[Result "1-0"]
[WhiteElo "2038"]
[BlackElo "1857"]

1. e4 e5 2. Nf3 Bd6 3. c4 Nc6 4. b3 Nf6 5. Nc3 O-O 6. Be2 Be7 7. Bb2 d6 8. O-O
h6 9. h3 a6 10. a3 Nh7 11. Nd5 Be6 12. d4 exd4 13. Nxe7+ Qxe7 14. Nxd4 Nxd4 15.
Qxd4 f6 16. f4 c5 17. Qe3 b6 18. Rad1 Rfe8 19. Rd2 Red8 20. Rfd1 Ra7 21. e5 fxe5
22. Bf3 exf4 23. Qxf4 Rf8 24. Qxd6 Qf7 25. Qg3 Ng5 26. Bd5 Bxd5 27. Rxd5 Ne4 28.
Qe1 Re7 29. Rd8 Rxd8 30. Rxd8+ Kh7 31. Rd3 Ng5 32. Qb1 Kg8 33. Rd8+ Re8 34. Qd3
Rxd8 35. Qxd8+ Kh7 36. Qd3+ g6 37. Qc3 Qg8 38. Qf6 Ne4 39. Qe7+ 1-0

[Event "Challenge"]
[Site "http://www.queenalice.com/game.php?id=1496453"]
[Date "2017.9.25"]
[Round "-"]
[White "Varela27"]
[Black "rockme"]
[Result "1-0"]
[WhiteElo "2160"]
[BlackElo "2074"]

1. e4 d6 2. d4 g6 3. Nf3 Bg7 4. h3 Nd7 5. Nc3 a6 6. Bc4 e6 7. O-O Ne7 8. a4 O-O
9. Be3 b6 10. Qd2 Bb7 11. Bh6 Nf6 12. Bxg7 Kxg7 13. d5 e5 14. b3 Rc8 15. Rad1 h6
16. Nh2 Rh8 17. f4 Kh7 18. fxe5 Nh5 19. exd6 cxd6 20. Rxf7+ Kg8 21. Rdf1 Qd7 22.
Ng4 g5 23. Nxh6+ Rxh6 24. Qxg5+ Rg6 25. Qxh5 Rg7 26. Rxg7+ Kxg7 27. Rf7+ 1-0

[Event "Challenge"]
[Site "http://www.queenalice.com/game.php?id=1506957"]
[Date "2017.12.6"]
[Round "-"]
[White "alexraponi"]
[Black "rockme"]
[Result "0-1"]
[WhiteElo "1852"]
[BlackElo "2013"]

1. d4 d6 2. d5 g6 3. a3 Bg7 4. c3 Nd7 5. b4 Nb6 6. e4 Nf6 7. f3 O-O 8. Bd3 Bd7
9. Bc2 Rc8 10. Bb3 a6 11. Ne2 c5 12. Bc2 Bb5 13. O-O Nh5 14. Bd3 c4 15. Bc2 Bd7
16. Be3 Na8 17. a4 b6 18. Bf2 Rb8 19. Qd2 Qc8 20. Ng3 Nf6 21. Na3 b5 22. a5 Rb7
23. Bd4 Be8 24. Kh1 Bd7 25. Qf2 Nc7 26. h3 h5 27. Kh2 e5 28. Bb6 Na8 29. Rh1
Nxb6 30. axb6 Qb8 31. Rad1 Rxb6 32. Rhe1 Qd8 33. Nf1 Rb7 34. Ne3 Nh7 35. Rg1 Qc8
36. Qg3 f5 37. exf5 Bxf5 38. Bxf5 gxf5 39. f4 exf4 40. Qf3 fxe3 41. Qxe3 Be5+
42. Kh1 Rg7 43. Qf3 Qe8 44. Rde1 Qg6 45. Re2 Ng5 46. Qe3 Ne4 47. g4 hxg4 48.
Reg2 Kf7 49. hxg4 Rh8+ 50. Rh2 Rxh2# 0-1

[Event "Challenge"]
[Site "http://www.queenalice.com/game.php?id=1524443"]
[Date "2018.4.21"]
[Round "-"]
[White "Lapoule"]
[Black "rockme"]
[Result "1-0"]
[WhiteElo "2006"]
[BlackElo "2047"]

1. e4 d6 2. d4 Nd7 3. Bc4 e6 4. Qe2 g6 5. Nf3 Bg7 6. Nc3 Ne7 7. O-O O-O 8. Ng5
Nb6 9. Bd3 a6 10. f4 Bxd4+ 11. Be3 c5 12. Qf2 Bxc3 13. Qh4 h5 14. bxc3 Na4 15.
f5 f6 16. fxg6 Kg7 17. Qxh5 Rh8 18. Nh7 Ng8 19. Bg5 Bd7 20. Rf3 Qe7 21. e5 Rf8
22. Raf1 Be8 23. Rxf6 Rxf6 24. exf6+ 1-0

[Event "Challenge"]
[Site "http://www.queenalice.com/game.php?id=1524444"]
[Date "2018.4.21"]
[Round "-"]
[White "rockme"]
[Black "Lapoule"]
[Result "0-1"]
[WhiteElo "2029"]
[BlackElo "2024"]

1. e4 e6 2. Nf3 a6 3. g3 Nc6 4. Bg2 d5 5. exd5 exd5 6. O-O Nf6 7. d4 Bd6 8. c3
Na5 9. b3 h6 10. Nbd2 O-O 11. Rb1 Bf5 12. Rb2 Ba3 13. Rc2 Bxc2 14. Qxc2 Bd6 15.
Ne1 c5 16. dxc5 Be5 17. Nef3 Bc7 18. Nd4 Qe7 19. b4 Nc6 20. N2f3 Qe4 21. Qd2
Nxd4 22. Nxd4 Qg4 23. Qd3 Rfe8 0-1